000 00640cam a2200229 4500500
005 20260329005253.0
041 _afre
042 _adc
100 1 0 _aTenaillon, Nicolas
_eauthor
245 0 0 _aY a-t-il une logique de l’insensé ?
260 _c2023.
500 _a58
690 _aAbsurde
690 _aFolie
690 _aLogique
690 _alycée
690 _aRaison
690 _aRationalité
690 _aSauvage
786 0 _nPhilosophie magazine | 166 | 1 | 2023-02-01 | p. 46-46 | 1951-1787
856 4 1 _uhttps://shs.cairn.info/magazine-philosophie-magazine-2023-1-page-46?lang=fr&redirect-ssocas=7080
999 _c1841855
_d1841855